000 00461nam a2200181Ia 4500
005 20250326125040.0
008 250326s9999 xx 000 0 und d
037 _aTextbook
040 _aFMSL
_beng
_cFMSL
041 _aeng
_2eng
084 _aX:8M8 L3
_qFMSL
100 _aJudd D R
_9738420
245 0 _aUse of files
_cJudd D R
260 _aNY
_bNY, Macdonald
_c1973
300 _a146p
942 _cTB
_hX:8M8 L3
999 _c1276316
_d1276316